[Event "4. Open. Int. (tot.)"]
[Site "Padova  Fornace Carotta"]
[Date "2001.12.22"]
[Round "4.23"]
[White "Grandesso, Emanuele"]
[Black "Nagliati, Paolo"]
[Result "0-1"]
[WhiteElo "1500"]
[BlackElo "1756"]
[Annotator "Gabriele Ballarin"]
[PlyCount "120"]
[EventDate "2001.12.15"]
[EventType "swiss"]
[EventRounds "6"]
[EventCountry "ITA"]

1. e4 d5 2. exd5 Nf6 3. Nf3 Nxd5 4. d3 Nc6 5. Be2 Bf5 6. a3 e5 7. O-O Bd6 8. Be3 Nd4 9. Bxd4 exd4 10. Nxd4 Bxh2+ 11. Kh1 Bg6 12. Re1 Be5 13. Nf3 Bd6 14. Bf1+ Ne7 15. Nc3 O-O 16. d4 c6 17. Bd3 Nf5 18. g3 Bc7 19. Bxf5 Bxf5 20. Kg2 f6 21. Rh1 Qd7 22. Qe2 Rfe8 23. Qc4+ Qf7 24. Qxf7+ Kxf7 25. Rac1 h6 26. Rhd1 Rad8 27. Nh4 Bh7 28. Kh2 Bb6 29. Nf3 Re7 30. Na2 Re2 31. Rd2 Rxd2 32. Nxd2 Bxd4 33. c3 Bxf2 34. Nc4 Bc5 35. Rf1 Kg6 36. Kh3 Bg8 37. b3 Be6+ 38. Kh4 Bxc4 39. bxc4 Bxa3 40. Rb1 f5 41. Rxb7 Rd2 42. Kh3 Rxa2 43. Rxa7 Ra1 44. Ra6 Kh5 45. Rxc6 Rc1 46. Rb6 Rxc3 47. Rc6 f4 48. Rb6 Rxg3+ 49. Kh2 Bc5 50. Rb5 Rg5 51. Rb3 Kg4 52. Rh3 Rh5 53. Rxh5 Kxh5 54. Kh3 f3 55. Kh2 Kg4 56. Kh1 f2 57. Kg2 h5 58. Kh2 h4 59. Kg2 h3+ 60. Kh2 Bd6+ 0-1

[Event "4. Open. Int. (tot.)"]
[Site "Padova  Fornace Carotta"]
[Date "2001.12.22"]
[Round "4.24"]
[White "Minati, Donato"]
[Black "Zangrando, Gianpietro"]
[Result "0-1"]
[WhiteElo "1500"]
[BlackElo "1731"]
[Annotator "Gabriele Ballarin"]
[PlyCount "54"]
[EventDate "2001.12.15"]
[EventType "swiss"]
[EventRounds "6"]
[EventCountry "ITA"]

1. d4 d5 2. c4 c6 3. Nf3 Nf6 4. Nc3 e6 5. Bg5 Be7 6. e3 Qa5 7. Qc2 Nbd7 8. Rc1 O-O 9. Bd3 h6 10. Bh4 dxc4 11. Bxc4 e5 12. O-O exd4 13. Nxd4 Ne5 14. Be2 Re8 15. Rcd1 Bg4 16. Bxg4 Nexg4 17. Nf5 g6 18. Nxe7+ Rxe7 19. h3 Qh5 20. Bg3 Ne5 21. Rd4 g5 22. Rfd1 Rae8 23. Rd6 Kg7 24. Ne2 Nd5 25. Nd4 Re6 26. Nxe6+ Rxe6 27. Rxe6 Nf3+ 0-1

[Event "4. Open. Int. (tot.)"]
[Site "Padova  Fornace Carotta"]
[Date "2001.12.22"]
[Round "4.25"]
[White "Rizzo, Giuseppe"]
[Black "Morganti, Lionello"]
[Result "1-0"]
[WhiteElo "1500"]
[BlackElo "1687"]
[Annotator "Gabriele Ballarin"]
[PlyCount "99"]
[EventDate "2001.12.15"]
[EventType "swiss"]
[EventRounds "6"]
[EventCountry "ITA"]

1. e4 e6 2. d3 d5 3. Nd2 c5 4. Ngf3 Nc6 5. g3 Nf6 6. Bg2 g6 7. O-O Bg7 8. Re1 O-O 9. e5 Nd7 10. d4 cxd4 11. Nb3 Ndxe5 12. Nfxd4 Nxd4 13. Nxd4 Nc6 14. c3 Nxd4 15. cxd4 Qb6 16. Be3 Qxb2 17. Qd3 Qb6 18. Rec1 Qd8 19. Bf4 Bd7 20. h4 Bc6 21. h5 Re8 22. hxg6 hxg6 23. Re1 Qd7 24. Rad1 Bb5 25. Qe3 Bc4 26. a3 b5 27. Bf3 f5 28. Kg2 Kf7 29. Rh1 Rh8 30. Bh6 Rxh6 31. Rxh6 Bxh6 32. Qxh6 Rg8 33. Rh1 Qd8 34. Qf4 Rg7 35. Re1 Qd7 36. Qe5 Qe7 37. Bd1 a5 38. f4 Rh7 39. g4 Bd3 40. g5 Be4+ 41. Bf3 Bxf3+ 42. Kxf3 Qxa3+ 43. Re3 Qe7 44. Kg3 b4 45. Re2 b3 46. Re3 Ke8 47. Rxb3 a4 48. Rc3 Kd8 49. Qb8+ Kd7 50. Qc8+ 1-0

[Event "4. Open. Int. (tot.)"]
[Site "Padova  Fornace Carotta"]
[Date "2001.12.22"]
[Round "4.26"]
[White "Zaccheroni, Dario"]
[Black "Balboni, Lamberto"]
[Result "1-0"]
[WhiteElo "1500"]
[BlackElo "1600"]
[Annotator "Gabriele Ballarin"]
[PlyCount "119"]
[EventDate "2001.12.15"]
[EventType "swiss"]
[EventRounds "6"]
[EventCountry "ITA"]

1. d4 Nf6 2. c4 g6 3. Nc3 Bg7 4. e4 d6 5. f4 O-O 6. Bd3 c5 7. d5 e6 8. Bc2 Re8 9. Nge2 exd5 10. exd5 Ng4 11. Ne4 Bf5 12. N4g3 Bxc2 13. Qxc2 Bd4 14. Bd2 Bf2+ 15. Kd1 Bxg3 16. Nxg3 Nf2+ 17. Kc1 Nxh1 18. Nxh1 Re2 19. Qc3 f6 20. Kc2 Nd7 21. Qh3 Nf8 22. Ng3 Re8 23. f5 Qe7 24. Rf1 g5 25. Qg4 h6 26. Rf2 Qf7 27. h4 Nh7 28. Ne4 Rad8 29. Re2 b5 30. b3 b4 31. Bc1 a5 32. Bb2 Qf8 33. Kd3 a4 34. Qh5 Re7 35. Qg6+ Qg7 36. Nxf6+ Nxf6 37. Qxg7+ Rxg7 38. Bxf6 Rgd7 39. Bxd8 Rxd8 40. Re6 axb3 41. axb3 gxh4 42. Rxh6 Kg7 43. Rxh4 Kf6 44. Rf4 Ra8 45. Rf3 Ra2 46. g3 Ra1 47. Ke4 Rd1 48. Rd3 Re1+ 49. Re3 Rd1 50. Kf4 Rf1+ 51. Kg4 Rb1 52. Re6+ Kf7 53. Rxd6 Rxb3 54. Rc6 Rc3 55. Rxc5 b3 56. Rc7+ Ke8 57. Rb7 Rxc4+ 58. Kg5 Rd4 59. Rxb3 Rxd5 60. Rb7 1-0

[Event "4. Open. Int. (tot.)"]
[Site "Padova  Fornace Carotta"]
[Date "2001.12.22"]
[Round "4.27"]
[White "Canazza, Alessandro"]
[Black "Trimboli, Carlo"]
[Result "1/2-1/2"]
[WhiteElo "1500"]
[BlackElo "1449"]
[Annotator "Gabriele Ballarin"]
[PlyCount "147"]
[EventDate "2001.12.15"]
[EventType "swiss"]
[EventRounds "6"]
[EventCountry "ITA"]

{[%evp 0,144,21,19,57,31,31,40,47,21,48,45,45,41,46,39,54,42,49,22,69,63,78,76,93,93,105,74,75,57,69,35,27,42,86,62,63,28,35,17,36,23,45,22,12,10,18,18,43,14,50,54,81,71,165,93,139,112,125,121,125,-319,-180,-209,-256,-307,0,0,0,-211,-207,-230,-228,-284,-262,-277,-167,-257,-256,-278,-314,-369,-351,-405,-412,-431,-384,-827,-402,-407,-365,-434,-385,-436,-467,-643,-655,-1554,-557,-715,-777,-777,-912,-870,-821,-1812,-827,-844,-297,-1599,-845,-907,-946,-1889,-178,-244,-272,-272,-255,-255,-142,-233,-211,-259,-229,-440,-213,-212,-225,-374,-423,-434,-405,-498,-506,-506,-514,-513,-513,-513,-513,-525,-525,-583,-632,-789,-652]} 1. d4 c6 2. c4 Nf6 3. Nc3 d5 4. Nf3 e6 5. e3 Nbd7 6. Bd3 dxc4 7. Bxc4 Be7 8. O-O O-O 9. Qc2 Re8 10. e4 Nf8 11. Bg5 N6d7 12. Bxe7 Qxe7 13. Rad1 Ng6 14. Rfe1 b5 15. Bb3 Bb7 16. d5 e5 17. d6 Qf6 18. Rd2 Nf4 19. a3 Qg6 20. g3 Qg4 21. Re3 Nh3+ 22. Kg2 Nf4+ 23. Kh1 Nh5 24. Qc1 Rad8 25. Nh4 Ndf6 26. Nf5 Rd7 27. Qf1 Kf8 28. f3 Qg6 29. Red3 Ba6 30. h4 Nxg3+ 31. Nxg3 Qxg3 32. Rg2 Qxh4+ 33. Rh2 Qg5 34. Rdd2 Red8 35. Qd1 h6 36. a4 Ne8 37. axb5 Bxb5 38. Nxb5 cxb5 39. Qf1 Rxd6 40. Bd5 Nc7 41. Rdg2 Qf6 42. Bb3 a5 43. Qg1 Ne6 44. Rf2 Nd4 45. Bd1 b4 46. b3 Rc8 47. Qg4 Rc1 48. f4 Qe6 49. Qg1 exf4 50. Rxf4 Nxb3 51. Rf1 Qxe4+ 52. Rg2 Qh4+ 53. Rh2 Qg5 54. Rg2 Qh4+ 55. Rh2 Qe4+ 56. Rg2 Qd4 57. Bxb3 Qxg1+ 58. Rgxg1 Rxf1 59. Rxf1 Rd3 60. Bxf7 Ke7 61. Bg6 Rd4 62. Ra1 Rd5 63. Bc2 Kd6 64. Kg2 Rd2+ 65. Kf3 Rxc2 66. Rxa5 b3 67. Ke4 b2 68. Rb5 Rg2 69. Kf3 Rc2 70. Ke4 g5 71. Kf3 Kc6 72. Rb8 Kd5 73. Rd8+ Kc4 74. Kg4 1/2-1/2

[Event "4. Open. Int. (tot.)"]
[Site "Padova  Fornace Carotta"]
[Date "2001.12.22"]
[Round "4.28"]
[White "Alessi, Giovanni"]
[Black "Spinoso, Giovanni"]
[Result "1-0"]
[WhiteElo "1389"]
[BlackElo "1585"]
[Annotator "Gabriele Ballarin"]
[PlyCount "98"]
[EventDate "2001.12.15"]
[EventType "swiss"]
[EventRounds "6"]
[EventCountry "ITA"]

1. d4 Nf6 2. c4 g6 3. Nc3 Bg7 4. e4 d6 5. Be2 O-O 6. f4 c5 7. e5 dxe5 8. dxe5 Qxd1+ 9. Bxd1 Ne8 10. Nd5 Nc6 11. Ba4 Bd7 12. Bxc6 bxc6 13. Nc3 Nc7 14. Be3 Ne6 15. O-O-O Rfd8 16. h3 Be8 17. Nge2 f6 18. exf6 exf6 19. g4 f5 20. gxf5 gxf5 21. Ng3 Bg6 22. Na4 Bd4 23. Rhe1 Bxe3+ 24. Rxe3 Rxd1+ 25. Kxd1 Rd8+ 26. Kc2 Kf7 27. h4 h5 28. Ne2 Nd4+ 29. Kc3 Nxe2+ 30. Rxe2 Rd1 31. Nxc5 Rh1 32. Nd3 Rxh4 33. Ne5+ Kf6 34. Nxg6 Kxg6 35. Rf2 Rg4 36. Kd4 h4 37. Ke5 h3 38. Rh2 Rg2 39. Rxh3 Rxb2 40. Ra3 Re2+ 41. Kd6 Re4 42. c5 Rxf4 43. Kxc6 Re4 44. Kd5 Re7 45. c6 Kf7 46. Kd6 Ke8 47. c7 Rd7+ 48. Kc6 Rxc7+ 49. Kxc7 Ke7 1-0

[Event "4. Open. Int. (tot.)"]
[Site "Padova  Fornace Carotta"]
[Date "2001.12.22"]
[Round "4.29"]
[White "Nardin, Loris"]
[Black "Clarini, Ivo"]
[Result "0-1"]
[WhiteElo "1329"]
[BlackElo "1657"]
[Annotator "Gabriele Ballarin"]
[PlyCount "88"]
[EventDate "2001.12.15"]
[EventType "swiss"]
[EventRounds "6"]
[EventCountry "ITA"]

1. e4 e6 2. d4 d5 3. exd5 exd5 4. Bd3 Be6 5. Nf3 c5 6. O-O h6 7. Re1 c4 8. Bf1 Bd6 9. Be3 Nc6 10. Qd2 Qc7 11. Nc3 a6 12. h3 Nge7 13. b3 Qa5 14. Bf4 Bb4 15. Re3 Nf5 16. Rae1 Nxe3 17. Rxe3 b5 18. Ne5 Nxe5 19. Bxe5 Bxc3 20. Qxc3 Qxc3 21. Rxc3 f6 22. Bd6 Kd7 23. Bc5 Bf5 24. b4 Rhe8 25. f3 a5 26. a3 Re1 27. g4 Bg6 28. f4 Be4 29. f5 Rc1 30. bxa5 Rxa5 31. Bf8 Rxc2 32. Rg3 g5 33. Bxh6 Ke7 34. h4 gxh4 35. Rh3 Kf7 36. Rxh4 Rxa3 37. Bf4 Rf3 38. Bd6 Rc1 39. Rh7+ Kg8 40. Re7 Rfxf1+ 41. Kh2 Rc3 42. Re8+ Kg7 43. Re7+ Kh6 44. g5+ Kxg5 0-1

[Event "4. Open. Int. (tot.)"]
[Site "Padova  Fornace Carotta"]
[Date "2001.12.22"]
[Round "4.30"]
[White "Nizzardo, Mattia"]
[Black "Gerardi, Stefano"]
[Result "1-0"]
[WhiteElo "1500"]
[BlackElo "1506"]
[Annotator "Gabriele Ballarin"]
[PlyCount "120"]
[EventDate "2001.12.15"]
[EventType "swiss"]
[EventRounds "6"]
[EventCountry "ITA"]

1. e4 c5 2. Nf3 d6 3. d4 cxd4 4. Nxd4 Nf6 5. Nc3 g6 6. Be3 Bg7 7. Qd2 Nc6 8. f3 Bd7 9. g4 Qa5 10. h4 h5 11. Nb3 Qd8 12. gxh5 Nxh5 13. O-O-O Ng3 14. Rh2 Nxf1 15. Rxf1 Rc8 16. Nd4 Qa5 17. Nxc6 Rxc6 18. Bd4 Bh6 19. f4 e5 20. Be3 Bg4 21. fxe5 Bxe3 22. Qxe3 Qxe5 23. Rhf2 O-O 24. Qxa7 Qc5 25. Qxb7 Rc7 26. Qd5 Qe3+ 27. Qd2 Qc5 28. Nd5 Be6 29. Nxc7 Qxc7 30. a3 Rc8 31. Rg1 Qb6 32. c3 Qc5 33. Rfg2 Qh5 34. Qg5 Qf3 35. Rg3 Qxe4 36. h5 Bf5 37. R1g2 Qb1+ 38. Kd2 Qxb2+ 39. Kd1 Qb1+ 40. Qc1 Qb3+ 41. Ke2 Re8+ 42. Re3 Qc4+ 43. Kf2 Qf4+ 44. Ke2 Qc4+ 45. Ke1 Qh4+ 46. Kf1 Qh1+ 47. Rg1 Bh3+ 48. Kf2 Qh2+ 49. Kf3 Rxe3+ 50. Qxe3 Bf5 51. Qe8+ Kg7 52. h6+ Qxh6 53. Qe3 Qh3+ 54. Kf2 Qh2+ 55. Rg2 Qh4+ 56. Qg3 Qc4 57. Kg1 Qc5+ 58. Rf2 Qxa3 59. Rxf5 Qc1+ 60. Rf1 Qh6 1-0

[Event "4. Open. Int. (tot.)"]
[Site "Padova  Fornace Carotta"]
[Date "2001.12.22"]
[Round "4.32"]
[White "Chinellato, Marco"]
[Black "Traversi, Carlo"]
[Result "1-0"]
[WhiteElo "1416"]
[BlackElo "1561"]
[Annotator "Gabriele Ballarin"]
[PlyCount "99"]
[EventDate "2001.12.15"]
[EventType "swiss"]
[EventRounds "6"]
[EventCountry "ITA"]

1. e4 d6 2. d4 Nf6 3. Nc3 g6 4. Be3 Bg7 5. Qd2 Ng4 6. Bg5 h6 7. Bh4 Nd7 8. f3 Ngf6 9. O-O-O e5 10. Nge2 h5 11. Bg5 exd4 12. Nxd4 Ne5 13. f4 Ned7 14. e5 dxe5 15. fxe5 Nxe5 16. Re1 Qd6 17. Ndb5 Qc5 18. Ne4 Qb6 19. Nxf6+ Bxf6 20. Rxe5+ Kf8 21. Bh6+ Kg8 22. Re8+ Kh7 23. Be3 Qc6 24. Rxh8+ Bxh8 25. Bd4 Bf5 26. Bxh8 Kxh8 27. Qc3+ Qxc3 28. Nxc3 Rd8 29. Be2 c6 30. Rd1 Re8 31. Bf3 Kg7 32. a3 Kh6 33. h4 f6 34. Rd6 Kg7 35. Kd2 Kf7 36. Na4 Re5 37. Rd8 b5 38. Nc3 a5 39. Bxc6 b4 40. axb4 axb4 41. Na4 Bg4 42. Bf3 Bf5 43. Rd5 Re7 44. Bxh5 Bxc2 45. Kxc2 gxh5 46. Kd2 Kg6 47. Rd4 Rb7 48. b3 Kf5 49. Nb2 Ke5 50. Rxb4 1-0

[Event "4. Open. Int. (tot.)"]
[Site "Padova  Fornace Carotta"]
[Date "2001.12.22"]
[Round "4.33"]
[White "De Nard, Stefano"]
[Black "Franz, Paolo"]
[Result "1-0"]
[WhiteElo "1530"]
[BlackElo "1500"]
[Annotator "Gabriele Ballarin"]
[PlyCount "79"]
[EventDate "2001.12.15"]
[EventType "swiss"]
[EventRounds "6"]
[EventCountry "ITA"]

1. e4 c5 2. Nc3 a6 3. f4 d6 4. Nf3 Nc6 5. g3 Nf6 6. Bg2 e6 7. d3 Be7 8. b3 O-O 9. Bb2 Qc7 10. Qe2 b5 11. O-O Bb7 12. Nd1 Rad8 13. Ne3 Qb6 14. f5 e5 15. g4 c4 16. Kh1 cxd3 17. cxd3 Rc8 18. Bc1 Nb4 19. a3 Nc2 20. Nxc2 Nxg4 21. Ne3 Nf6 22. Bd2 Rc7 23. Qe1 Qa7 24. Rg1 Rfc8 25. Bf1 Nh5 26. Be2 Nf4 27. Qg3 Bf8 28. Rae1 f6 29. Ng4 Kh8 30. Nxf6 Nxe2 31. Rxe2 Qxg1+ 32. Qxg1 gxf6 33. Rg2 Rg7 34. Rxg7 Bxg7 35. Qb6 Bc6 36. Qxa6 Bd7 37. Qxd6 Bc6 38. Ba5 Re8 39. Bd8 Kg8 40. Qe6+ 1-0

[Event "4. Open. Int. (tot.)"]
[Site "Padova  Fornace Carotta"]
[Date "2001.12.22"]
[Round "4.34"]
[White "Fabiano, Manuel"]
[Black "Varotto, Adriano"]
[Result "1/2-1/2"]
[WhiteElo "1500"]
[BlackElo "1500"]
[Annotator "Gabriele Ballarin"]
[PlyCount "88"]
[EventDate "2001.12.15"]
[EventType "swiss"]
[EventRounds "6"]
[EventCountry "ITA"]

1. d4 d5 2. Nf3 Bg4 3. Ne5 Bh5 4. g4 Bg6 5. h4 h5 6. Nxg6 fxg6 7. Qd3 Qd6 8. Bh3 Nd7 9. g5 O-O-O 10. b3 Kb8 11. Ba3 Qc6 12. Nc3 Nb6 13. Bc5 e5 14. Bxf8 Rxf8 15. dxe5 d4 16. Ne4 Qd5 17. O-O-O Ne7 18. Qxd4 Qa5 19. Kb2 Nc6 20. Qc5 Qxc5 21. Nxc5 Rxf2 22. e6 Rxe2 23. Rhe1 Rxe1 24. Rxe1 Ne7 25. Nd7+ Ka8 26. Nxb6+ axb6 27. Rf1 Nf5 28. Bxf5 gxf5 29. Rxf5 Re8 30. Rf7 Rxe6 31. Rxg7 Re4 32. Rxc7 Rxh4 33. g6 Rg4 34. g7 Ka7 35. Rf7 h4 36. g8=Q Rxg8 37. Rh7 Rg4 38. Ka3 b5 39. Rh6 b6 40. c3 Kb7 41. b4 Kc7 42. Kb3 Kb7 43. Rh5 Ka6 44. a3 Re4 1/2-1/2

[Event "4. Open. Int. (tot.)"]
[Site "Padova  Fornace Carotta"]
[Date "2001.12.23"]
[Round "5.5"]
[White "Opacic, Alexandar"]
[Black "Giacomini, Massimo"]
[Result "1-0"]
[WhiteElo "2113"]
[BlackElo "1884"]
[Annotator "Gabriele Ballarin"]
[PlyCount "67"]
[EventDate "2001.12.15"]
[EventType "swiss"]
[EventRounds "6"]
[EventCountry "ITA"]

1. e4 c5 2. Nf3 e6 3. Nc3 Nc6 4. d4 cxd4 5. Nxd4 a6 6. g3 Bb4 7. Bg2 Qc7 8. Nde2 Nge7 9. O-O b5 10. a3 Ba5 11. Nd5 Qb8 12. Bf4 e5 13. Be3 O-O 14. Bc5 d6 15. Nxe7+ Nxe7 16. Bxd6 Qa7 17. Bxe5 Rd8 18. Bd4 Qb8 19. Qc1 Bb7 20. a4 Nc6 21. Be3 b4 22. Nf4 Qe5 23. Nd3 Qe7 24. Nc5 Nd4 25. Bxd4 Rxd4 26. Nxb7 Qxb7 27. e5 Qc8 28. Bxa8 Qxa8 29. Rd1 Re4 30. Re1 Rc4 31. e6 fxe6 32. Rxe6 Qc8 33. Qe3 Bd8 34. Re1 1-0

[Event "4. Open. Int. (tot.)"]
[Site "Padova  Fornace Carotta"]
[Date "2001.12.23"]
[Round "5.8"]
[White "Ungaro, Olindo"]
[Black "Carini, Massimo"]
[Result "1-0"]
[WhiteElo "1800"]
[BlackElo "1872"]
[Annotator "Gabriele Ballarin"]
[PlyCount "39"]
[EventDate "2001.12.15"]
[EventType "swiss"]
[EventRounds "6"]
[EventCountry "ITA"]

1. e4 d5 2. exd5 Qxd5 3. Nc3 Qa5 4. d4 Nf6 5. Nf3 Nc6 6. Bd2 Bd7 7. Bc4 Nxd4 8. Bxf7+ Kxf7 9. Nxd4 Qc5 10. Be3 h6 11. Nf3 Qh5 12. Qd4 e6 13. Ne5+ Ke8 14. g4 c5 15. Qf4 Qh3 16. O-O-O Rd8 17. Ne4 Be7 18. Bxc5 Bxc5 19. Nxc5 Rf8 20. Nxb7 1-0

[Event "4. Open. Int. (tot.)"]
[Site "Padova  Fornace Carotta"]
[Date "2001.05.23"]
[Round "5.11"]
[White "Sanavio, Giancarlo"]
[Black "Binder, Andrea"]
[Result "1-0"]
[WhiteElo "1702"]
[BlackElo "1600"]
[Annotator "Gabriele Ballarin"]
[PlyCount "109"]
[EventDate "2001.12.15"]
[EventType "swiss"]
[EventRounds "6"]
[EventCountry "ITA"]

1. Nf3 Nf6 2. c4 d6 3. d4 g6 4. g3 Bg7 5. Bg2 O-O 6. O-O Nbd7 7. Nc3 e5 8. dxe5 dxe5 9. Qc2 c6 10. b4 Qc7 11. Bb2 Re8 12. e4 b6 13. Rad1 Bb7 14. Rfe1 Rac8 15. Nd2 c5 16. b5 Rcd8 17. Nd5 Nxd5 18. exd5 f5 19. Nf3 Nf8 20. h4 h6 21. h5 e4 22. Nh4 Qf7 23. Bxg7 Kxg7 24. Bh3 Bc8 25. hxg6 Nxg6 26. Nxg6 Qxg6 27. Qc3+ Qf6 28. Qxf6+ Kxf6 29. Re3 a6 30. a4 Rg8 31. Kh2 Ke5 32. Rb3 a5 33. Rb2 Rg6 34. Re2 Kd6 35. Bg2 Rdg8 36. Bh3 h5 37. Re3 Rg5 38. Rg1 f4 39. Rc3 Bxh3 40. Kxh3 Rg4 41. Rcc1 fxg3 42. Rxg3 Rxg3+ 43. fxg3 Rg5 44. Re1 Re5 45. g4 hxg4+ 46. Kxg4 Re8 47. Kf4 Rg8 48. Ke3 Re8 49. Rh1 Kc7 50. Rh4 Kd6 51. Rh6+ Kc7 52. Rc6+ Kb7 53. d6 Rh8 54. Rc7+ Kb8 55. Re7 $138 1-0

[Event "4. Open. Int. (tot.)"]
[Site "Padova  Fornace Carotta"]
[Date "2001.12.23"]
[Round "5.12"]
[White "Bonetti, Carlo"]
[Black "Fracasso Pezzolato, Michele"]
[Result "1-0"]
[WhiteElo "1664"]
[BlackElo "1585"]
[Annotator "Gabriele Ballarin"]
[PlyCount "83"]
[EventDate "2001.12.15"]
[EventType "swiss"]
[EventRounds "6"]
[EventCountry "ITA"]

1. e4 c5 2. Nf3 Nc6 3. d4 cxd4 4. Nxd4 Nf6 5. Nc3 d6 6. Bb5 Bd7 7. O-O a6 8. Nxc6 bxc6 9. Bc4 g6 10. a4 a5 11. Qe2 Qc7 12. Ra3 Bg7 13. Bg5 O-O 14. Re1 Ng4 15. h3 d5 16. hxg4 dxc4 17. Qxc4 Qe5 18. Bd2 Bxg4 19. Qxc6 e6 20. Rb3 Rac8 21. Qb5 Rc5 22. Qd7 Bf6 23. Be3 Rd8 24. Qa7 Rc7 25. Qb6 Rcd7 26. Rb5 Qd6 27. Qxd6 Rxd6 28. f3 Bxc3 29. bxc3 Bh5 30. Bb6 Rd1 31. Kf2 R8d2+ 32. Re2 g5 33. Rxg5+ Bg6 34. Rxa5 Rd6 35. Ra8+ Kg7 36. Bd4+ f6 37. e5 R6xd4 38. exf6+ Kxf6 39. cxd4 Rxd4 40. a5 Rc4 41. a6 Bxc2 42. a7 1-0

[Event "4. Open. Int. (tot.)"]
[Site "Padova  Fornace Carotta"]
[Date "2001.12.23"]
[Round "5.13"]
[White "Marangoni, Simone"]
[Black "Stiz, Massimiliano"]
[Result "0-1"]
[WhiteElo "1633"]
[BlackElo "1561"]
[Annotator "Gabriele Ballarin"]
[PlyCount "95"]
[EventDate "2001.12.15"]
[EventType "swiss"]
[EventRounds "6"]
[EventCountry "ITA"]

{[%evp 0,94,19,-6,-4,-12,-13,-30,5,-33,37,8,-8,-6,-9,-11,4,2,22,-2,-3,-43,-43,-31,-34,-28,-20,-28,-28,-26,-11,-33,-8,-14,26,-60,-49,-60,87,-68,0,-21,-14,-271,-246,-245,-251,-255,-254,-444,-443,-526,-532,-544,-515,-535,-576,-574,-572,-567,-455,-471,-462,-498,-511,-494,-380,-548,-220,-242,-88,-152,-161,-161,-172,-237,-233,-274,-261,-287,-304,-336,-313,-354,-268,-318,-207,-248,-273,-307,-335,-321,-297,-453,-495,-507,-530]} 1. c4 Nf6 2. Nc3 e5 3. g3 Bc5 4. e3 a6 5. Bg2 Nc6 6. a3 d6 7. b4 Ba7 8. Nge2 Bg4 9. Qa4 Bd7 10. b5 axb5 11. cxb5 Bb6 12. Qc2 Na5 13. O-O Qc8 14. d4 Bh3 15. dxe5 dxe5 16. Ne4 h5 17. Nxf6+ gxf6 18. Nc3 Qe6 19. Rd1 h4 20. Qe4 hxg3 21. fxg3 Bxg2 22. Qxg2 Nb3 23. Qxb7 O-O 24. Qf3 Nxa1 25. Ne4 f5 26. Ng5 Qg6 27. h4 Nc2 28. Kh2 Nxa3 29. e4 Nxb5 30. exf5 Qg7 31. f6 Qg6 32. h5 Qc2+ 33. Kh3 Ra4 34. Rd2 Nd4 35. Rxc2 Nxf3 36. Nxf3 Re8 37. h6 Kh7 38. Nh4 e4 39. Nf5 e3 40. Re2 Rae4 41. g4 R8e5 42. Bb2 Rxf5 43. gxf5 Kxh6 44. Kg3 Kg5 45. Kf3 Kxf5 46. Bc1 Rf4+ 47. Kg3 Ke4 48. Bb2 0-1

[Event "4. Open. Int. (tot.)"]
[Site "Padova  Fornace Carotta"]
[Date "2001.12.23"]
[Round "5.14"]
[White "Zangrando, Gianpietro"]
[Black "Chinello, Gianmarco"]
[Result "1-0"]
[WhiteElo "1731"]
[BlackElo "1500"]
[Annotator "Gabriele Ballarin"]
[PlyCount "61"]
[EventDate "2001.12.15"]
[EventType "swiss"]
[EventRounds "6"]
[EventCountry "ITA"]

1. d4 Nf6 2. c4 e6 3. Nc3 d5 4. g3 Bb4 5. Bd2 Nc6 6. e3 b6 7. Bg2 Bb7 8. cxd5 Nxd5 9. Nxd5 Bxd2+ 10. Qxd2 exd5 11. Ne2 O-O 12. O-O Ba6 13. Rfc1 Bxe2 14. Qxe2 Qd6 15. Rc3 Rfe8 16. Qb5 Ne7 17. Rac1 c6 18. Qa6 Reb8 19. Qe2 Rc8 20. Qc2 b5 21. Rc5 f5 22. Bh3 g6 23. Bf1 a6 24. Bd3 Ra7 25. a4 Qd7 26. axb5 axb5 27. Bxb5 Rac7 28. Ba4 Qd6 29. b4 Kg7 30. b5 cxb5 31. Rxc7 1-0

[Event "4. Open. Int. (tot.)"]
[Site "Padova  Fornace Carotta"]
[Date "2001.12.23"]
[Round "5.15"]
[White "Nagliati, Paolo"]
[Black "Colombo, Matteo"]
[Result "1-0"]
[WhiteElo "1756"]
[BlackElo "1500"]
[Annotator "Gabriele Ballarin"]
[PlyCount "101"]
[EventDate "2001.12.15"]
[EventType "swiss"]
[EventRounds "6"]
[EventCountry "ITA"]

1. e4 c5 2. c3 d5 3. exd5 Qxd5 4. d4 Nc6 5. Nf3 Bg4 6. Be2 cxd4 7. cxd4 e6 8. O-O Nf6 9. Nc3 Qd7 10. Ne5 Bxe2 11. Nxd7 Bxd1 12. Nxf6+ gxf6 13. Rxd1 O-O-O 14. Be3 h5 15. d5 Ne7 16. dxe6 fxe6 17. Bxa7 Re8 18. Ne4 Nd5 19. Rac1+ Kd8 20. Bb6+ Ke7 21. Bc5+ Kf7 22. Bxf8 Kxf8 23. Kf1 Ke7 24. Nc3 Nb6 25. Nb5 Nd5 26. Nc7 Rd8 27. Nxd5+ exd5 28. Rc7+ Ke6 29. Rxb7 h4 30. Rb6+ Kf7 31. Rd4 Rh5 32. a4 Re5 33. Rc6 f5 34. b4 Re4 35. Rxe4 fxe4 36. a5 Rb8 37. Rb6 Rc8 38. a6 d4 39. b5 d3 40. Rc6 Rd8 41. Ke1 Ra8 42. Rc4 Rd8 43. b6 d2+ 44. Kd1 Rb8 45. b7 Ke7 46. Rc8 Rxc8 47. bxc8=Q Kf6 48. a7 Ke5 49. a8=R Kd4 50. Ra5 Kd3 51. Rd5# 1-0

[Event "4. Open. Int. (tot.)"]
[Site "Padova  Fornace Carotta"]
[Date "2001.12.22"]
[Round "5.16"]
[White "Trangoni, Bruno"]
[Black "Borgato, Alessandro"]
[Result "0-1"]
[WhiteElo "1662"]
[BlackElo "1561"]
[Annotator "Gabriele Ballarin"]
[PlyCount "77"]
[EventDate "2001.12.15"]
[EventType "swiss"]
[EventRounds "6"]
[EventCountry "ITA"]

1. f4 e5 2. fxe5 Nc6 3. Nf3 d6 4. exd6 Bxd6 5. e4 Bg4 6. Bb5 Nge7 7. d4 O-O 8. O-O Bxf3 9. Rxf3 Nxd4 10. Rh3 Nxb5 11. Qh5 h6 12. Qxb5 Bc5+ 13. Qxc5 Qd1+ 14. Kf2 Qxc1 15. Re3 Qxb2 16. Qc3 Qxc3 17. Nxc3 Rad8 18. Ke2 a6 19. Rb1 b5 20. a4 c6 21. Nd1 Rd4 22. axb5 axb5 23. Ra1 Rfd8 24. Nf2 Rd2+ 25. Kf3 Rxc2 26. Ra7 Rdd2 27. Ng4 Ng6 28. Rea3 h5 29. Ne3 Rf2+ 30. Kg3 Rce2 31. Rc7 Ne5 32. h4 Ng4 33. Rxc6 Nxe3 34. Rxe3 Rxg2+ 35. Kh3 Rxe3+ 36. Kxg2 Rxe4 37. Kg3 b4 38. Rb6 f5 39. Rb7 0-1

[Event "4. Open. Int. (tot.)"]
[Site "Padova  Fornace Carotta"]
[Date "2001.12.23"]
[Round "5.17"]
[White "Quaranta, Cristiano"]
[Black "Zanirato, Stefano"]
[Result "0-1"]
[WhiteElo "1627"]
[BlackElo "1659"]
[Annotator "Gabriele Ballarin"]
[PlyCount "127"]
[EventDate "2001.12.15"]
[EventType "swiss"]
[EventRounds "6"]
[EventCountry "ITA"]

1. d4 Nf6 2. c4 e6 3. Nc3 Bb4 4. Qc2 c5 5. e3 Nc6 6. Nf3 Bxc3+ 7. bxc3 Qa5 8. Bd2 d5 9. Bd3 dxc4 10. Bxc4 b5 11. Be2 c4 12. O-O Bb7 13. a4 b4 14. cxb4 Nxb4 15. Bxb4 Qxb4 16. Qxc4 Qxc4 17. Bxc4 Rc8 18. Rfc1 Ke7 19. Bd3 Nd5 20. Kf1 Nb4 21. Ke2 f5 22. Rab1 a5 23. Ne1 Kf6 24. f3 Bd5 25. Nc2 Na2 26. Kd2 Nxc1 27. Kxc1 Bc4 28. Kd2 Bxd3 29. Kxd3 Rc7 30. d5 Rd7 31. Rb6 Rxd5+ 32. Nd4 Re8 33. Kc4 Rc8+ 34. Kb3 Re5 35. e4 fxe4 36. f4 Rd5 37. Rxe6+ Kf7 38. Rxe4 Rc1 39. Nf3 h6 40. Ne5+ Kf6 41. Nf3 Rc8 42. Re3 Rd1 43. Re5 Rd3+ 44. Kb2 Ra8 45. Rb5 Rd6 46. Kb3 Raa6 47. Ne5 Rd1 48. Ng4+ Kg6 49. Ne5+ Kh7 50. Nf3 Rb1+ 51. Kc4 Rc1+ 52. Kb3 Rf1 53. Kc3 Rf2 54. Ne1 Rxf4 55. Kb3 Re4 56. Nd3 Re3 57. Kc4 Re4+ 58. Kb3 Ra8 59. Ka3 Re3 60. Rd5 Ra6 61. Kb3 Rc6 62. Rd7 Rc1 63. Kb2 Rg1 64. Nf4 0-1